LEADER 00788nam0-22003011i-450- 001 990000581930403321 005 20001010 035 $a000058193 035 $aFED01000058193 035 $a(Aleph)000058193FED01 035 $a000058193 100 $a20001010d--------km-y0itay50------ba 101 0 $aita 105 $ay-------001yy 200 1 $aADVANCED DYNAMICS$fTIMOSHENKO and YANG 210 $aNew York$cMcGraw-Hill Book Company$d1948 610 0 $aMeccanica 610 0 $aDinamica 610 0 $aVibrazioni 700 1$aTimoshenko,$bStephen$f<1878-1972>$042411 801 0$aIT$bUNINA$gRICA$2UNIMARC 901 $aBK 912 $a990000581930403321 952 $a07 G-2$b2702$fDINSC 959 $aDINSC 996 $aADVANCED DYNAMICS$9318546 997 $aUNINA DB $aING01 LEADER 04190nam 22006135 450 001 9910887805803321 005 20250808093459.0 010 $a9783031682445 010 $a3031682440 024 7 $a10.1007/978-3-031-68244-5 035 $a(MiAaPQ)EBC31681658 035 $a(Au-PeEL)EBL31681658 035 $a(CKB)35980433500041 035 $a(DE-He213)978-3-031-68244-5 035 $a(OCoLC)1458320298 035 $a(EXLCZ)9935980433500041 100 $a20240918d2024 u| 0 101 0 $aeng 135 $aurcnu|||||||| 181 $ctxt$2rdacontent 182 $cc$2rdamedia 183 $acr$2rdacarrier 200 10$aAchieving Resilience in Service Supply Chains $eThe Role of Procurement /$fby Carla Pereira, Öznur Yurt 205 $a1st ed. 2024. 210 1$aCham :$cSpringer Nature Switzerland :$cImprint: Palgrave Macmillan,$d2024. 215 $a1 online resource (123 pages) 225 1 $aPalgrave Studies in Logistics and Supply Chain Management 311 08$a9783031682438 311 08$a3031682432 327 $a1. Introduction -- 2. Service supply chains in disruptive and uncertain markets -- 3. The role of procurement in service supply chains -- 4. Resilience in Service Supply Chains -- 5. The Role of Procurement in achieving Service Supply Chain Resilience -- 6. Practical insights and guidelines. 330 $aIn today?s increasingly service-oriented global economy, the activities and transactions within and between supply chain members in the service sector have experienced substantial growth. This book addresses the unique challenges faced by service businesses and emphasizing the importance of service supply chain management decisions on competitiveness and performance. By adopting a service supply chain perspective, this book offers valuable insights for defining, designing, and effectively managing service procurement processes for all stakeholders involved, such as service suppliers, service providers, and customers. This inclusive viewpoint ensures a holistic understanding of the entire service supply chain, considering the interconnected relationships and dependencies among its members. By combining scholarly insights, practical examples and guidelines, it will be of great interest to students and academics of supply chain management and procurement, as well as service supply chain managers looking for advanced strategies. Carla Pereira is a Lecturer in Operations & Supply Chain Management at the Open University, UK. She is also a visiting lecturer in the Post-Graduate Program of Civil Engineering at State University of Santa Catarina, Brazil, in the research of Urban Resilience and Lean Construction. Her research interests and recent projects are on supply chain resilience and sustainability, procurement management, strategies to deal with food waste and/or surplus food, urban resilience, and lean philosophy. Öznur Yurt is a Senior Lecturer in Operations & Supply Chain Management, at the Open University, UK. She is also Adjunct Faculty as a Full Professor of Supply Chain & Marketing at Izmir University of Economics, Turkey. Her research interests lie at the intersection of supply chain management and business-to-business marketing. Her recent research focuses on service supply chains, buyer-supplier relations, procurement management, service networks, food supply chains and sustainable supply chains. 410 0$aPalgrave Studies in Logistics and Supply Chain Management 606 $aBusiness logistics 606 $aIndustrial procurement 606 $aService industries 606 $aSupply Chain Management 606 $aProcurement 606 $aServices 615 0$aBusiness logistics. 615 0$aIndustrial procurement. 615 0$aService industries. 615 14$aSupply Chain Management. 615 24$aProcurement. 615 24$aServices. 676 $a658.72 700 $aPereira$b Carla$01770914 701 $aYurt$b Öznur$01770915 801 0$bMiAaPQ 801 1$bMiAaPQ 801 2$bMiAaPQ 906 $aBOOK 912 $a9910887805803321 996 $aAchieving Resilience in Service Supply Chains$94254694 997 $aUNINA